| Tag |
First Indicator |
Second Indicator |
Subfields |
| LEADER |
00000cam a22000007a 4500 |
| 001 |
in00000001442 |
| 005 |
20151007050434.0 |
| 008 |
980924s1998 xxu f000 0 eng d |
| 040 |
|
|
|d UtOrBLW
|
| 074 |
|
|
|a 0014-A
|
| 086 |
0 |
|
|a A 1.68:1632
|
| 245 |
0 |
0 |
|a Natural Disaster Assistance.
|
| 264 |
|
1 |
|a [Washington, D.C.] :
|b U.S. Dept. of Agriculture, Farm Service Agency, Natural Resources Conservation Service, Forest Service,
|c [1998]
|
| 336 |
|
|
|a text
|b txt
|2 rdacontent
|
| 337 |
|
|
|a unmediated
|b n
|2 rdamedia
|
| 338 |
|
|
|a volume
|b nc
|2 rdacarrier
|
| 490 |
1 |
|
|a PA ;
|v 1632
|
| 500 |
|
|
|a Shipping List #: 98-0365-P
|
| 500 |
|
|
|a Shipping List Date: 09/14/98
|
| 710 |
1 |
|
|a United States.
|b Department of Agriculture.
|
| 830 |
|
0 |
|a Program aid (United States. Department of Agriculture) ;
|v no. 1632.
|
| 999 |
|
|
|a MARS
|
| 999 |
f |
f |
|s ebc16e3e-344f-3f98-b832-644e50e2a017
|i 7987ec0d-1cf8-30e1-841c-446b4eb19fa7
|t 0
|
| 952 |
f |
f |
|p normal
|a Texas A&M University
|b College Station
|c Sterling C. Evans Library
|d Evans: US Documents (Annex 5th floor)
|t 0
|e A 1.68:1611-
|h Superintendent of Documents classification
|i unmediated -- volume
|m A14830160324
|
| 952 |
f |
f |
|a Texas A&M University
|b College Station
|c Sterling C. Evans Library
|d Evans: US Documents (Annex 5th floor)
|t 0
|e A 1.68:1611-
|h Superintendent of Documents classification
|
| 998 |
f |
f |
|a A 1.68:1611-
|s 1611,1616,1619-1621/998,1624,1627,1632,1634,1636-1638
|t 0
|l Evans: US Documents (Annex 5th floor)
|